[Event "Flint (MI Senior/1/6)"]
[Site "?"]
[Date "1994.??.??"]
[Round "?"]
[White "Waltz, Glenn"]
[Black "Jointer, William"]
[Result "1-0"]
[WhiteElo "1605"]
[BlackElo "1700"]
[PlyCount "99"]
[EventDate "1994.??.??"]

{1/(6)} 1. d4 Nf6 2. c4 e6 3. Nc3 Bb4 4. Qc2 b6 5. e3 Bb7 6. Nge2 O-O 7. Bd2 c5
8. O-O-O Na6 9. a3 Ba5 10. dxc5 Bxc3 11. Nxc3 Nxc5 12. f3 d5 13. Be2 Rc8 14. g4
a6 15. g5 Ne8 16. h4 Nd6 17. b3 b5 18. b4 Na4 19. c5 Nxc3 20. Qxc3 Nc4 21. Kb1
a5 22. Bc1 axb4 23. axb4 Ra8 24. Bxc4 bxc4 25. Bb2 f6 26. Rhg1 Qe7 27. gxf6
Rxf6 28. Qxf6 Qxf6 29. Bxf6 g6 30. h5 Kf7 31. Be5 Ra3 32. hxg6+ hxg6 33. Bd4
Rb3+ 34. Kc2 Rxb4 35. Rb1 Rxb1 36. Rxb1 Bc6 37. Rb6 Ba4+ 38. Kc3 g5 39. c6 Ke7
40. Bc5+ Kd8 41. Bd6 Ke8 42. Rb8+ Kf7 43. c7 Bd7 44. Rd8 d4+ 45. exd4 Bc6 46.
Rf8+ Kg6 47. c8=Q g4 48. Qxe6+ Kg7 49. Qf7+ Kh6 50. Bf4# 1-0

[Event "Detroit (MOR/7/27)"]
[Site "?"]
[Date "1994.??.??"]
[Round "?"]
[White "Walters, G."]
[Black "Williams, C."]
[Result "1-0"]
[WhiteElo "1655"]
[BlackElo "1605"]
[PlyCount "51"]
[EventDate "1994.??.??"]

{7/(27)} 1. c4 f5 2. Nf3 Nf6 3. Nc3 g6 4. d4 Bg7 5. Bf4 O-O 6. e3 d6 7. Bd3 Qe8
8. O-O Nc6 9. Nb5 Qd7 10. d5 Ne5 11. Nxe5 dxe5 12. Bxe5 c6 13. Nc7 cxd5 14.
Nxa8 Qe6 15. Bxf6 Qxf6 16. Nc7 d4 17. Nd5 Qd6 18. exd4 Bxd4 19. Qc2 e5 20. Rad1
Be6 21. b4 Rc8 22. Qb3 Kg7 23. Be2 a6 24. Qg3 h6 25. Rxd4 f4 26. Nxf4 1-0

[Event "Detroit (MOR/4/25)"]
[Site "?"]
[Date "1994.??.??"]
[Round "?"]
[White "Walters, G."]
[Black "Spencer, Gordon"]
[Result "1-0"]
[WhiteElo "1655"]
[BlackElo "1605"]
[PlyCount "97"]
[EventDate "1994.??.??"]

{4/(25)} 1. c4 Nf6 2. Nc3 g6 3. e4 d6 4. d4 Bg7 5. f4 c5 6. dxc5 O-O 7. Be2
dxc5 8. Bd2 b6 9. Nf3 Bb7 10. Qc2 Na6 11. a3 e6 12. e5 Ng4 13. h3 Nh6 14. O-O-O
Nf5 15. Be1 Qe7 16. Bf2 Rfd8 17. Nb5 Bc6 18. g4 Nd4 19. Nbxd4 cxd4 20. Bxd4 Nc5
21. Bxc5 Qxc5 22. Rd3 f5 23. gxf5 exf5 24. Rhd1 Rxd3 25. Qxd3 Be4 26. Qd4 Qc6
27. Ng5 Bg2 28. Qd7 Qxd7 29. Rxd7 h6 30. Nf7 a5 31. h4 b5 32. c5 b4 33. Bc4 Kh7
34. axb4 axb4 35. Kc2 Be4+ 36. Kb3 Rb8 37. Rd6 Bf3 38. c6 Rc8 39. Bb5 Bf8 40.
Rd8 Rxd8 41. Nxd8 Bxc6 42. Bxc6 Be7 43. Nf7 Bxh4 44. Kxb4 Bg3 45. e6 Bh4 46.
Kc4 Kg7 47. b4 Be7 48. b5 h5 49. b6 1-0

[Event "Detroit (MOR/2/25)"]
[Site "?"]
[Date "1994.??.??"]
[Round "?"]
[White "Walters, G."]
[Black "Raupp, Kenneth A"]
[Result "0-1"]
[WhiteElo "1655"]
[BlackElo "1605"]
[PlyCount "82"]
[EventDate "1994.??.??"]

{2/(25)} 1. c4 e6 2. Nc3 f5 3. Nf3 Nf6 4. d3 d5 5. Bf4 Bd6 6. Ne5 g5 7. Qa4+ c6
8. Nxc6 Nxc6 9. Bxg5 Bd7 10. cxd5 Nb4 11. Qb3 exd5 12. a3 Nc6 13. e3 d4 14.
exd4 Qe7+ 15. Be2 Nxd4 16. Qd1 O-O 17. O-O Nxe2+ 18. Nxe2 Qe5 19. Bf4 Qd5 20.
Nc3 Qc6 21. Bh6 Bxh2+ 22. Kh1 Rf7 23. f3 Nh5 24. Kxh2 Qxh6 25. Ne2 Nf4+ 26. Kg1
Nxe2+ 27. Qxe2 Qb6+ 28. Rf2 Re8 29. Qd2 Rg7 30. d4 Rg3 31. Qf4 Qg6 32. Rc1 Bc6
33. Kh2 Rg5 34. g3 Qh6+ 35. Kg2 Kh8 36. Rh1 Qg6 37. Rh3 Rg4 38. Qc7 f4 39. Kf1
Rxg3 40. Rxg3 Qxg3 41. d5 Bb5+ 0-1

[Event "Novi (Oct)"]
[Site "?"]
[Date "1994.??.??"]
[Round "?"]
[White "Walters, G."]
[Black "McGrath, Michael"]
[Result "1-0"]
[WhiteElo "1690"]
[BlackElo "1830"]
[PlyCount "66"]
[EventDate "1994.??.??"]

1. Nf3 f5 2. d4 Nf6 3. c4 g6 4. Nc3 Bg7 5. e3 O-O 6. Be2 d6 7. b4 Qe8 8. Bb2 c6
9. Qb3 Kh8 10. O-O e5 11. dxe5 dxe5 12. Na4 Nbd7 13. c5 e4 14. Ng5 Nd5 15.
Bxg7+ Kxg7 16. Bc4 N5f6 17. Ne6+ Kh6 18. Nxf8 Qxf8 19. f4 Qe7 20. Nc3 Nh5 21.
Ne2 Ndf6 22. Nd4 Bd7 23. Ne6 Bxe6 24. Bxe6 Ng4 25. Bc4 Ngf6 26. Rad1 Ng7 27.
Rd4 Nge8 28. Rfd1 Nc7 29. Rd6 Ncd5 30. b5 Ng4 31. h3 Ngxe3 32. Bxd5 Nxd5 33.
bxc6 bxc6 {[Remainder illegible; 1-0, 49?]} 1-0

[Event "Eastpointe (EDO/4/21)"]
[Site "?"]
[Date "1994.??.??"]
[Round "?"]
[White "Walters, G."]
[Black "Hartwig, W."]
[Result "1-0"]
[WhiteElo "1675"]
[BlackElo "1605"]
[PlyCount "55"]
[EventDate "1994.??.??"]

{4/(21)} 1. c4 c5 2. Nc3 d6 3. g3 Nf6 4. Bg2 Nc6 5. e3 g6 6. d4 cxd4 7. exd4
Bg7 8. Nge2 O-O 9. O-O Bg4 10. h3 Bxe2 11. Nxe2 e5 12. d5 Ne7 13. g4 h6 14. Be3
a6 15. Qd2 b5 16. c5 Nd7 17. c6 Nc5 18. Rac1 f5 19. Bxc5 dxc5 20. d6 e4 21. c7
Qd7 22. Rfd1 Nc8 23. Qd5+ Kh7 24. Qxa8 Nxd6 25. Qxa6 Be5 26. Rxc5 Re8 27. Rxe5
Rxe5 28. Qxd6 1-0

[Event "Eastpointe (EDO/2/24)"]
[Site "?"]
[Date "1994.??.??"]
[Round "?"]
[White "Walters, G."]
[Black "Gentry, Bronson"]
[Result "1-0"]
[WhiteElo "1675"]
[BlackElo "1605"]
[PlyCount "95"]
[EventDate "1994.??.??"]

{2/(24)} 1. c4 e5 2. Nc3 c5 3. g3 Nc6 4. Bg2 Nf6 5. d3 Be7 6. f4 O-O 7. Nf3 d6
8. O-O Bg4 9. h3 Be6 10. e4 Qb6 11. f5 Bd7 12. Bg5 Qxb2 13. Na4 Qb4 14. Bd2 Qa3
15. Bc1 Qb4 16. a3 Qa5 17. Bd2 Qd8 18. Rb1 Rb8 19. Nc3 a6 20. g4 Nd4 21. g5 Ne8
22. h4 Nxf3+ 23. Qxf3 Qc8 24. Nd5 Bd8 25. Qg3 g6 26. f6 Bc6 27. Ne7+ Bxe7 28.
fxe7 Ng7 29. exf8=Q+ Qxf8 30. Rf3 Ne6 31. Rf6 Nd4 32. Qf2 b5 33. Rf1 Rb7 34. h5
Be8 35. hxg6 hxg6 36. Rxg6+ Kh7 37. Qf6 Ne6 38. Rh6+ Qxh6 39. Qxh6+ Kg8 40. Bh3
Ng7 41. Bf5 Nxf5 42. exf5 f6 43. Qxf6 bxc4 44. Qe6+ Bf7 45. Qc8+ Kg7 46. Qxb7
cxd3 47. g6 Kf8 48. Qxf7# 1-0

[Event "Eastpointe (US Am N/5/29)"]
[Site "?"]
[Date "1994.??.??"]
[Round "?"]
[White "Walquist, Elaine"]
[Black "al-Shareef, Robert"]
[Result "1-0"]
[WhiteElo "1605"]
[BlackElo "1605"]
[PlyCount "49"]
[EventDate "1994.??.??"]

{5/(29)} 1. e4 e5 2. Nf3 Nf6 3. Nc3 Nc6 4. Bc4 Be7 5. d4 exd4 6. Nxd4 Ne5 7.
Bb3 O-O 8. O-O c6 9. f4 Ng6 10. e5 Ne8 11. Ne4 d5 12. exd6 Nxd6 13. Nxd6 Bxd6
14. Kh1 Re8 15. f5 Ne5 16. Qh5 Qf6 17. Bg5 g6 18. Qh4 Qh8 19. Bf6 Be7 20. Bxe7
Rxe7 21. Qxe7 Bd7 22. Bxf7+ Nxf7 23. Qxd7 Rd8 24. Qxb7 Qxd4 25. fxg6 1-0

[Event "Eastpointe (EDO/4/13)"]
[Site "?"]
[Date "1994.??.??"]
[Round "?"]
[White "Walquist, Elaine"]
[Black "Wisckol, Richard"]
[Result "1/2-1/2"]
[WhiteElo "1605"]
[BlackElo "1865"]
[PlyCount "63"]
[EventDate "1994.??.??"]

{4/(13)} 1. e4 c5 2. d4 cxd4 3. c3 d3 4. Nf3 Nc6 5. Bf4 d6 6. Bxd3 e6 7. O-O
Be7 8. Nbd2 Nf6 9. Nc4 O-O 10. Ne3 Qc7 11. Qe2 a6 12. a4 b6 13. Rfd1 Bb7 14.
Bc2 Rfd8 15. Rd2 Rac8 16. Nc4 Nb4 17. Nxd6 Bxd6 18. Bxd6 Rxd6 19. Rxd6 Qxd6 20.
cxb4 Qxb4 21. e5 Nd5 22. Ng5 h6 23. Nh3 Qd4 24. Rd1 Qc4 25. Qxc4 Rxc4 26. Rd2
Kf8 27. g3 Ke7 28. Kf1 Nb4 29. Bd1 Rc1 30. f4 Bf3 31. Nf2 Bxd1 32. Rxd1 1/2-1/2

[Event "Detroit (MOR/2/7)"]
[Site "?"]
[Date "1994.??.??"]
[Round "?"]
[White "Walquist, Elaine"]
[Black "Moore, Robert"]
[Result "1-0"]
[WhiteElo "1605"]
[BlackElo "1750"]
[PlyCount "61"]
[EventDate "1994.??.??"]

{2/(7)} 1. e4 c5 2. d4 cxd4 3. c3 dxc3 4. Nxc3 d6 5. Bc4 e6 6. Nf3 Nf6 7. O-O
a6 8. e5 Qc7 9. Bxe6 fxe6 10. exf6 gxf6 11. Re1 Qg7 12. Nd5 Nc6 13. Nb6 Rg8 14.
g3 Rb8 15. Nxc8 Rxc8 16. Rxe6+ Kd7 17. Re1 Qf7 18. Bf4 Nb4 19. Qa4+ Nc6 20.
Rad1 Be7 21. Nd4 Qd5 22. Ne6 Qb5 23. Qa3 Ne5 24. Nd4 Qc5 25. Qa4+ Nc6 26. Nxc6
Qxc6 27. Qb3 Qc4 28. Qxb7+ Rc7 29. Rxe7+ Kxe7 30. Bxd6+ Ke6 31. Qxc7 1-0

[Event "Grand Rapids (MI Am/5/10)"]
[Site "?"]
[Date "1994.??.??"]
[Round "?"]
[White "Walquist, Elaine"]
[Black "Manion, Tom"]
[Result "1-0"]
[WhiteElo "1605"]
[BlackElo "1820"]
[PlyCount "35"]
[EventDate "1994.??.??"]

{5/(10)} 1. e4 e5 2. Nf3 Nf6 3. Bc4 Nc6 4. d4 exd4 5. e5 Bb4+ 6. c3 dxc3 7.
bxc3 Qe7 8. O-O Bc5 9. exf6 Qxf6 10. Re1+ Kf8 11. Qd5 Be7 12. Bg5 Qg6 13. Nh4
Qe6 14. Rxe6 dxe6 15. Bxe7+ Kxe7 16. Qc5+ Kf6 17. f4 Rd8 18. Qg5# 1-0

[Event "Eastpointe (EDO/1a/6)"]
[Site "?"]
[Date "1994.??.??"]
[Round "?"]
[White "Walquist, Elaine"]
[Black "Levadi, David"]
[Result "0-1"]
[WhiteElo "1605"]
[BlackElo "1945"]
[PlyCount "72"]
[EventDate "1994.??.??"]

1. e4 Nc6 2. Nf3 Nf6 3. Nc3 d5 4. e5 d4 5. exf6 dxc3 6. fxg7 cxd2+ 7. Bxd2 Bxg7
8. c3 Qd5 9. Qa4 Bd7 10. Qh4 Qe6+ 11. Be3 Bf6 12. Qf4 Ne5 13. Nxe5 Bxe5 14. Qb4
a5 15. Qxb7 O-O 16. Qb3 Qf5 17. O-O-O Be6 18. Qa4 Rfb8 19. Bd3 Qf6 20. Qa3 a4
21. Rhf1 Bd6 22. Bc5 Qg5+ 23. Be3 Bxa3 24. Bxg5 Bxb2+ 25. Kd2 Bxa2 26. Bxe7 a3
27. Bb4 Bb3 28. Bc2 Rd8+ 29. Bd3 Bxd1 30. Bxa3 Bxc3+ 31. Kxd1 Rxd3+ 32. Kc2 Rd7
33. Kxc3 Rxa3+ 34. Kc4 Ra2 35. g4 Rc2+ 36. Kb3 Rdd2 0-1

[Event "Eastpointe (US Am N/3/15)"]
[Site "?"]
[Date "1994.??.??"]
[Round "?"]
[White "Walquist, Elaine"]
[Black "LaForge, Tom"]
[Result "1/2-1/2"]
[WhiteElo "1605"]
[BlackElo "1980"]
[PlyCount "92"]
[EventDate "1994.??.??"]

{3/(15)} 1. e4 e6 2. Nf3 d5 3. exd5 exd5 4. g3 Nf6 5. Bg2 Be7 6. O-O O-O 7. c3
c5 8. d3 Nc6 9. Nbd2 Bf5 10. d4 c4 11. b3 b5 12. a4 a6 13. Re1 Ne4 14. Nxe4
Bxe4 15. axb5 axb5 16. Rxa8 Qxa8 17. Nd2 Bxg2 18. Kxg2 Bg5 19. f4 Bd8 20. bxc4
bxc4 21. Qf3 Ba5 22. Ba3 Nxd4 23. cxd4 Bxd2 24. Re2 Rb8 25. Rxd2 Rb3 26. Qe2
Rxa3 27. Kf2 h6 28. f5 Qc8 29. Qe5 Qd7 30. f6 gxf6 31. Qxf6 Qh3 32. Qd8+ Kg7
33. Qxd5 Qxh2+ 34. Qg2 Qh5 35. Qe4 Qh2+ 36. Qg2 Qxg2+ 37. Kxg2 Kf6 38. Rc2 c3
39. Kf3 Ke6 40. Ke4 h5 41. Kd3 Kd5 42. Rxc3 Rxc3+ 43. Kxc3 f5 44. Kd3 f4 45.
gxf4 h4 46. Ke3 h3 1/2-1/2

[Event "Detroit (MOR/6/2)"]
[Site "?"]
[Date "1994.??.??"]
[Round "?"]
[White "Walquist, Elaine"]
[Black "Herron, J."]
[Result "1/2-1/2"]
[WhiteElo "1605"]
[BlackElo "1745"]
[PlyCount "81"]
[EventDate "1994.??.??"]

{6/(2)} 1. e4 d6 2. d4 Nf6 3. Nc3 g6 4. Bc4 Bg7 5. Nf3 O-O 6. Bb3 Nc6 7. h3 b6
8. Be3 Bb7 9. Ng5 h6 10. h4 e5 11. dxe5 Nxe5 12. Bd4 Qe7 13. f4 Neg4 14. Bxf6
Nxf6 15. Qd3 hxg5 16. hxg5 Nxe4 17. O-O-O Nc5 18. Qh3 Nxb3+ 19. axb3 f5 20.
Rde1 Be4 21. Nd5 Bxb2+ 22. Kxb2 Qg7+ 23. Nf6+ Rxf6 24. gxf6 Qxf6+ 25. c3 Qg7
26. Rhg1 Kf7 27. g4 Rh8 28. Qg3 Qh7 29. Qe3 c5 30. g5 d5 31. Rh1 Qg7 32. Rxh8
Qxh8 33. Ra1 Qh2+ 34. Ka3 a5 35. Ra2 Qh8 36. Qg3 b5 37. Kb2 a4 38. bxa4 bxa4
39. Ka3 c4 40. Rh2 Qf8+ 41. Ka2 1/2-1/2

[Event "Detroit (CAO/1/11)"]
[Site "?"]
[Date "1994.??.??"]
[Round "?"]
[White "Walquist, Elaine"]
[Black "Ford, D."]
[Result "0-1"]
[WhiteElo "1605"]
[BlackElo "1605"]
[PlyCount "50"]
[EventDate "1994.??.??"]

{1/(11)} 1. e4 e5 2. Nf3 Nc6 3. d4 exd4 4. Bc4 Nf6 5. O-O Nxe4 6. Re1 d5 7.
Bxd5 Qxd5 8. Nc3 Qc4 9. Rxe4+ Be7 10. Nxd4 Bd7 11. Nxc6 Bxc6 12. Rxc4 O-O 13.
Qg4 h6 14. Bxh6 Bf6 15. Rf4 Be5 16. Qg5 Rae8 17. Rh4 Re6 18. f4 Bd4+ 19. Kf1
Rg6 20. Qf5 Bxg2+ 21. Ke2 Re8+ 22. Kd3 Rf6 23. Qxf6 Bxf6 24. Rg4 Rd8+ 25. Kc4
Bh3 $138 0-1

[Event "Grand Rapids (MI Am/2/9)"]
[Site "?"]
[Date "1994.??.??"]
[Round "?"]
[White "Walquist, Elaine"]
[Black "DeRyke, S."]
[Result "1-0"]
[WhiteElo "1605"]
[BlackElo "1870"]
[PlyCount "53"]
[EventDate "1994.??.??"]

{2/(9)} 1. e4 e5 2. Nf3 Nc6 3. d4 exd4 4. Bc4 Be7 5. c3 d6 6. cxd4 Bg4 7. Qb3
Na5 8. Bxf7+ Kf8 9. Qa4 Kxf7 10. Qxa5 c6 11. Qc3 Ke8 12. Bf4 Nf6 13. Nbd2 Rf8
14. Bg3 Nh5 15. h3 Nxg3 16. fxg3 Bd7 17. O-O Qc8 18. Rae1 Kd8 19. d5 Bf6 20. e5
dxe5 21. Qc5 Re8 22. d6 b6 23. Qc2 Bf5 24. Ne4 Qd7 25. g4 Be6 26. g5 Rf8 27.
Nxe5 1-0

[Event "Eastpointe (US Am N/1a/3)"]
[Site "?"]
[Date "1994.??.??"]
[Round "?"]
[White "Walquist, Elaine"]
[Black "Applebee, J."]
[Result "1-0"]
[WhiteElo "1605"]
[BlackElo "2110"]
[PlyCount "69"]
[EventDate "1994.??.??"]

1. e4 e5 2. Nf3 Nc6 3. d4 exd4 4. Bc4 Be7 5. Nxd4 Bf6 6. Nxc6 bxc6 7. O-O Ne7
8. Re1 d6 9. c3 O-O 10. Qb3 Ng6 11. Be3 Ne5 12. Bf1 Be6 13. Qc2 Ng4 14. Bf4 Bg5
15. Bxg5 Qxg5 16. Nd2 Ne5 17. Re3 f5 18. Rg3 Qh6 19. exf5 Bxf5 20. Qd1 Rf6 21.
Nf3 Bg4 22. Qb3+ Be6 23. c4 Ng4 24. Rh3 Qf4 25. Qc2 Bf5 26. Bd3 Raf8 27. Bxf5
Rxf5 28. Re1 g6 29. Re4 Nxf2 30. Rxf4 Nxh3+ 31. gxh3 Rxf4 32. Nd2 R8f5 33. Qd3
Rg5+ 34. Kh1 Rf2 35. Ne4 1-0

[Event "Detroit (MCO/C/2b/1)"]
[Site "?"]
[Date "1994.??.??"]
[Round "?"]
[White "Waller, A."]
[Black "Wright, Ken"]
[Result "1-0"]
[WhiteElo "1605"]
[BlackElo "1605"]
[PlyCount "66"]
[EventDate "1994.??.??"]

1. e4 d5 2. exd5 Qxd5 3. Nc3 Qa5 4. d4 Nf6 5. Nf3 e6 6. Bd2 Bb4 7. a3 Bxc3 8.
Bxc3 Qd5 9. b3 b6 10. Bc4 Qh5 11. O-O Bb7 12. Be2 Qg4 13. Ne1 Qf4 14. Bf3 Ne4
15. Qd3 Nd7 16. g3 Qf5 17. Bb2 Rd8 18. Bg2 Qg6 19. Nf3 f5 20. Nd2 Nd6 21. Bxb7
Nxb7 22. Qc3 Rc8 23. Rfe1 Nd6 24. d5 e5 25. Qc6 Nf7 26. Qxg6 hxg6 27. Bc1 O-O
28. c4 c6 29. dxc6 Rxc6 30. Nf3 e4 31. Nd4 Rcc8 32. Bb2 Nd6 33. Bc3 Rfe8 1-0

[Event "Detroit (MCO/C/4/1)"]
[Site "?"]
[Date "1994.??.??"]
[Round "?"]
[White "Waller, A."]
[Black "Strenio, G."]
[Result "0-1"]
[WhiteElo "1605"]
[BlackElo "1605"]
[PlyCount "78"]
[EventDate "1994.??.??"]

{4/(1)} 1. e4 c5 2. Nf3 d6 3. d4 cxd4 4. Nxd4 Nf6 5. Nc3 a6 6. Bc4 e6 7. Be3
Qc7 8. Bb3 Nbd7 9. f3 Nc5 10. Qd2 Be7 11. O-O-O e5 12. Nf5 Nxb3+ 13. axb3 Bxf5
14. exf5 Rc8 15. Qf2 Qc6 16. g4 d5 17. g5 d4 18. gxf6 dxe3 19. Qxe3 Bxf6 20.
Rd2 O-O 21. Rg1 Rfd8 22. Rxd8+ Rxd8 23. Ne4 Kf8 24. Qc5+ Qxc5 25. Nxc5 Rd5 26.
Nxb7 h6 27. Rd1 Bg5+ 28. Kb1 Rxd1+ 29. Ka2 Rd2 30. c3 Rxh2 31. Nc5 Rf2 32. Nd7+
Ke7 33. Nxe5 h5 34. b4 h4 35. b5 f6 36. Nc6+ Kd7 37. Nb8+ Kc8 38. Nxa6 h3 39.
b6 h2 0-1

[Event "Detroit (MCO/C/6/2)"]
[Site "?"]
[Date "1994.??.??"]
[Round "?"]
[White "Waller, A."]
[Black "Lauer, R."]
[Result "1-0"]
[WhiteElo "1605"]
[BlackElo "1605"]
[PlyCount "91"]
[EventDate "1994.??.??"]

{6/(2)} 1. e4 e6 2. d4 g6 3. Nf3 Bg7 4. Be3 Ne7 5. Nc3 O-O 6. Qd2 d5 7. Bh6
dxe4 8. Nxe4 Nf5 9. Bxg7 Kxg7 10. g4 Nh4 11. Nxh4 Qxh4 12. h3 f5 13. Ng3 fxg4
14. hxg4 Qxg4 15. Qh6+ Kf7 16. Qxh7+ Ke8 17. Qxc7 Nc6 18. Bb5 Qf3 19. Bxc6+
Qxc6 20. Qxc6+ bxc6 21. O-O Rf4 22. c3 Ba6 23. Rfe1 Kd7 24. Re4 Rxe4 25. Nxe4
Bc4 26. b3 Bd5 27. Re1 Rh8 28. Nf6+ Kd6 29. Nxd5 exd5 30. Kg2 Rh7 31. Re8 Rg7
32. Kg3 c5 33. Rd8+ Kc6 34. Rc8+ Rc7 35. Rxc7+ Kxc7 36. dxc5 Kc6 37. b4 Kb5 38.
Kf4 g5+ 39. Kxg5 a5 40. a3 axb4 41. axb4 Kc4 42. c6 Kxc3 43. c7 Kxb4 44. c8=Q
Kb5 45. f4 d4 46. f5 1-0

[Event "Warren (Warmup"]
[Site "?"]
[Date "1994.??.??"]
[Round "?"]
[White "Walker, S."]
[Black "Chehayeb, Sal"]
[Result "0-1"]
[WhiteElo "1875"]
[BlackElo "2025"]
[PlyCount "62"]
[EventDate "1994.??.??"]

1. e4 c5 2. Nf3 d6 3. d4 cxd4 4. Nxd4 Nf6 5. Nc3 g6 6. Be3 Bg7 7. f3 O-O 8. Qd2
Nc6 9. O-O-O Bd7 10. g4 Re8 11. h4 h5 12. g5 Nh7 13. Bh3 Ne5 14. Bf1 Rc8 15.
Be2 Nc4 16. Bxc4 Rxc4 17. Qd3 Qc8 18. Rd2 Nf8 19. Nce2 b5 20. Kb1 Qa6 21. b3
Rb8 22. c3 Qb7 23. Rb2 Rc7 24. Kc1 d5 25. Ng3 e5 26. Nde2 Bc6 27. exd5 Bxd5 28.
Ne4 Ne6 29. Nf6+ Bxf6 30. gxf6 Bxf3 31. Rg1 Be4 0-1

[Event "Eastpointe (US Am N/2/19)"]
[Site "?"]
[Date "1994.??.??"]
[Round "?"]
[White "Walker, LeRoy"]
[Black "Walquist, Elaine"]
[Result "1-0"]
[WhiteElo "1810"]
[BlackElo "1605"]
[PlyCount "79"]
[EventDate "1994.??.??"]

{2/(19)} 1. e4 d5 2. exd5 Nf6 3. Nc3 c6 4. dxc6 Nxc6 5. Bc4 Bg4 6. Nge2 e6 7.
O-O Bc5 8. Qe1 O-O 9. Ng3 Nb4 10. Bb3 Re8 11. a3 Nc6 12. h3 Bf5 13. Nce2 Bg6
14. d3 e5 15. Be3 Bxe3 16. fxe3 Qb6 17. Nc3 Ne7 18. Qe2 Rad8 19. Rad1 Nfd5 20.
Nxd5 Nxd5 21. Bxd5 Rxd5 22. Qf3 Red8 23. b3 Qc5 24. Rf2 Qxa3 25. h4 f6 26. h5
Be8 27. h6 Bc6 28. Qg4 Qe7 29. Nf5 Qd7 30. hxg7 Kf7 31. g8=Q+ Rxg8 32. Nh6+ Ke7
33. Qxg8 Kd6 34. Rxf6+ Kc5 35. e4 Rd4 36. c3 Rxe4 37. b4+ Kb6 38. b5 Qe7 39.
Rxc6+ bxc6 40. Qb8+ 1-0

[Event "Eastpointe (US Am N/6/6)"]
[Site "?"]
[Date "1994.??.??"]
[Round "?"]
[White "Walker, LeRoy"]
[Black "Velasquez, A."]
[Result "1-0"]
[WhiteElo "1810"]
[BlackElo "1645"]
[PlyCount "69"]
[EventDate "1994.??.??"]

{6/(6)} 1. e4 c5 2. Nf3 Nc6 3. d4 cxd4 4. c3 dxc3 5. Nxc3 g6 6. Bc4 Bg7 7. O-O
d6 8. Qe2 e6 9. Rd1 a6 10. Bf4 Bf8 11. Bxd6 Bxd6 12. e5 b5 13. Rxd6 Qc7 14.
Nxb5 axb5 15. Rxc6 Qb7 16. Bxb5 Bd7 17. Rc5 Ne7 18. Bxd7+ Qxd7 19. Nd2 O-O 20.
Ne4 Nd5 21. Rxd5 Qc6 22. Rd3 Rac8 23. Rc3 Qa8 24. Rxc8 Rxc8 25. Nd6 Rc7 26. h3
Qa4 27. Qb5 Qxb5 28. Nxb5 Rc5 29. Nc3 Rxe5 30. a4 Ra5 31. b4 Ra8 32. a5 Kf8 33.
b5 Ke7 34. b6 Kd7 35. a6 1-0

[Event "Detroit (MCO/A/1a/3)"]
[Site "?"]
[Date "1994.??.??"]
[Round "?"]
[White "Walker, LeRoy"]
[Black "Vandivier, Don"]
[Result "1/2-1/2"]
[WhiteElo "1860"]
[BlackElo "1985"]
[PlyCount "94"]
[EventDate "1994.??.??"]

1. e4 c5 2. Nc3 g6 3. Nge2 Bg7 4. g3 Nc6 5. Bg2 d6 6. O-O Bd7 7. Nd5 Nf6 8. c3
Nxd5 9. exd5 Ne5 10. d4 cxd4 11. Nxd4 h5 12. f4 Nc4 13. b3 Nb6 14. f5 O-O 15.
fxg6 fxg6 16. Qd3 Rxf1+ 17. Kxf1 Qf8+ 18. Kg1 Bf5 19. Nxf5 Qxf5 20. Be4 Qf6 21.
Bb2 Rf8 22. Rf1 Qxf1+ 23. Qxf1 Rxf1+ 24. Kxf1 Kf7 25. Ke2 Nd7 26. Bg2 Be5 27.
Kd3 h4 28. gxh4 Bxh2 29. Bc1 Bg3 30. Bg5 Nf6 31. c4 Nh7 32. b4 Nxg5 33. hxg5
Bf4 34. c5 Bxg5 35. c6 bxc6 36. dxc6 Ke8 37. b5 Kd8 38. a4 Kc7 39. Be4 Bh4 40.
Bxg6 Be1 41. Bf7 e5 42. Ke4 Ba5 43. Kd5 Be1 44. Bg6 Ba5 45. Ke6 Bc3 46. Be4 Ba5
47. Ke7 Bb4 1/2-1/2

[Event "Detroit (WCO/3/8)"]
[Site "?"]
[Date "1994.??.??"]
[Round "?"]
[White "Walker, LeRoy"]
[Black "Taylor, J."]
[Result "1-0"]
[WhiteElo "1815"]
[BlackElo "1605"]
[PlyCount "93"]
[EventDate "1994.??.??"]

{3/(8)} 1. e4 e5 2. Nf3 Nc6 3. Bb5 a6 4. Bxc6 dxc6 5. d4 exd4 6. Qxd4 Bg4 7.
Qe5+ Qe7 8. Qxe7+ Bxe7 9. Ne5 O-O-O 10. Nxg4 Nf6 11. f3 Nh5 12. Ne3 Rd7 13. O-O
Nf4 14. Nc3 Bc5 15. Kh1 Re8 16. Nf5 g6 17. Ng3 h5 18. Bxf4 Rh8 19. e5 Bd4 20.
Nge4 Re8 21. Nf6 Red8 22. Nxd7 Rxd7 23. Rad1 c5 24. Rd2 Re7 25. Rxd4 cxd4 26.
Ne4 b5 27. Rd1 Rd7 28. Nc5 Rd5 29. Nxa6 c5 30. e6 fxe6 31. Nc7 Rf5 32. Bg3 e5
33. Nxb5 g5 34. Nd6+ Kc7 35. Nxf5 h4 36. Bxe5+ Kc6 37. Bf6 g4 38. fxg4 h3 39.
Re1 hxg2+ 40. Kxg2 Kb5 41. Re6 Kc4 42. Re5 Kb4 43. Nd6 c4 44. Rb5+ Ka4 45. a3
d3 46. Bd8 dxc2 47. Rb4# 1-0

[Event "Eastpointe (EDO/3/17)"]
[Site "?"]
[Date "1994.??.??"]
[Round "?"]
[White "Walker, LeRoy"]
[Black "Sunts, A."]
[Result "1-0"]
[WhiteElo "1820"]
[BlackElo "1605"]
[PlyCount "129"]
[EventDate "1994.??.??"]

{3/(17)} 1. e4 e5 2. Nf3 Nc6 3. Bb5 d6 4. d4 Bd7 5. Nc3 exd4 6. Bxc6 Bxc6 7.
Qxd4 h6 8. Bf4 Nf6 9. O-O-O Be7 10. Rhe1 O-O 11. h3 Nd7 12. g4 Bf6 13. Qd2 g5
14. Be3 Ne5 15. Nxe5 dxe5 16. Qe2 Qe7 17. Rh1 Rad8 18. Rdg1 Rd6 19. Bc5 Bg7 20.
Bxd6 cxd6 21. Rd1 Qf6 22. Nd5 Bxd5 23. Rxd5 Rc8 24. Rhd1 Bf8 25. Rh1 a6 26. Qe3
b5 27. Qg3 Rc4 28. f3 Qe6 29. h4 Qf6 30. hxg5 Qxg5+ 31. Kb1 Qe3 32. Re1 Qb6 33.
g5 h5 34. Qh4 Qc7 35. Rd2 b4 36. Qxh5 Bg7 37. Rh1 Kf8 38. g6 Rd4 39. Rxd4 exd4
40. gxf7 d3 41. cxd3 Bxb2 42. Qd5 Bg7 43. Qc4 Qxc4 44. dxc4 Kxf7 45. Rh5 Be5
46. Kc2 a5 47. Kb3 Ke6 48. Ka4 Kd7 49. Kxa5 Bc3 50. Ka4 Kc6 51. f4 Bd2 52. f5
Kc5 53. Kb3 Kc6 54. f6 Kd7 55. f7 Ke7 56. Rf5 Kf8 57. Kc2 Be1 58. Kb3 Bd2 59.
Ka4 Bc3 60. Kb5 Bd2 61. Kc6 b3 62. axb3 Bb4 63. Kd7 Ba3 64. Ke6 Bb4 65. Rg5 1-0

[Event "Detroit (MCO/A/7/3)"]
[Site "?"]
[Date "1994.??.??"]
[Round "?"]
[White "Walker, LeRoy"]
[Black "Santiago, Reynaldo"]
[Result "0-1"]
[WhiteElo "1860"]
[BlackElo "1995"]
[PlyCount "126"]
[EventDate "1994.??.??"]

{7/(3)} 1. e4 c5 2. Nf3 d6 3. d4 cxd4 4. c3 Nf6 5. e5 Nd5 6. exd6 Qxd6 7. Nxd4
a6 8. Be2 e5 9. Nb3 Bf5 10. O-O Nc6 11. Bf3 Rd8 12. Re1 Be7 13. Na3 f6 14. Bxd5
Qxd5 15. Qxd5 Rxd5 16. Nc4 Rd3 17. Nca5 Nxa5 18. Nxa5 b6 19. Nb3 a5 20. Be3 a4
21. Nc1 Rd6 22. Ne2 Kf7 23. Red1 Rhd8 24. Rxd6 Rxd6 25. Kf1 Be6 26. b3 axb3 27.
axb3 Bxb3 28. f4 Bc4 29. fxe5 Re6 30. Kf2 fxe5 31. Ra7 b5 32. Ng3 Bd3 33. Bg5
h6 34. Bxe7 Rxe7 35. Rxe7+ Kxe7 36. Ke3 Bg6 37. Nf1 Ke6 38. Nd2 Kd5 39. g4 Bc2
40. h3 g5 41. Kf3 e4+ 42. Ke3 Bd3 43. Kf2 Ke6 44. Nb3 Kd5 45. Nd2 Ke6 46. Ke3
Ke5 47. Nb3 Kd5 48. Nd2 Bc2 49. Ke2 Ke6 50. Kf2 Ke5 51. Nf1 Bb3 52. Kg3 Be6 53.
Ne3 Bd7 54. Nc2 Bc8 55. Ne3 Be6 56. Ng2 e3 57. Nxe3 Ke4 58. Kf2 Kd3 59. Nf5
Kxc3 60. Ke2 b4 61. Kd1 b3 62. Kc1 b2+ 63. Kb1 Bc4 0-1

[Event "Detroit (MI Op/3/39)"]
[Site "?"]
[Date "1994.??.??"]
[Round "?"]
[White "Walker, LeRoy"]
[Black "Rutkofske, Lonnie"]
[Result "1-0"]
[WhiteElo "1880"]
[BlackElo "2000"]
[PlyCount "108"]
[EventDate "1994.??.??"]

{3/(39)} 1. e4 e6 2. d4 d5 3. Nd2 Nf6 4. e5 Nfd7 5. Bd3 c5 6. c3 cxd4 7. cxd4
Nc6 8. Ne2 Be7 9. O-O O-O 10. Nf3 f6 11. Nf4 Nb6 12. Qc2 f5 13. a3 Bd7 14. Nh3
h6 15. Nf4 Qe8 16. h4 g6 17. Nh3 Rc8 18. Qd2 Rf7 19. Qxh6 Rh7 20. Qf4 Nd8 21.
Nhg5 Rg7 22. g3 Bb5 23. Bxb5 Qxb5 24. Kg2 Rc2 25. Rh1 Qe2 26. Bd2 Rxb2 27. Rae1
Qb5 28. h5 Qe8 29. h6 Bxg5 30. Qxg5 Rh7 31. Ba5 Rc2 32. Bxb6 axb6 33. Qf6 Qe7
34. Qxg6+ Kf8 35. Ng5 Rh8 36. h7 Rc6 37. Rh6 Nf7 38. Qf6 Ke8 39. Nxf7 Qxf6 40.
Rxf6 Rxh7 41. Ng5 Re7 42. Rh1 Kd7 43. Rh8 Rc4 44. Nf3 Ra4 45. Rff8 Rxa3 46. Rc8
Rg7 47. Rhd8+ Ke7 48. Rc7+ Kxd8 49. Rxg7 b5 50. Rxb7 Rb3 51. Ng5 Kc8 52. Ra7
Kb8 53. Ra1 Kc7 54. Nxe6+ Kd7 1-0